Statistics for Top 10 Countries by Most Water Area

Click here to take the quiz!

General Stats

  • This quiz has been taken 277 times
    (121 since last reset)
  • The average score is 6 of 10

Answer Stats

Km^2Country% Correct
891,163Canada
95%
719,836Russia
95%
377,424United States of America
91%
270,550China
86%
314,073India
84%
93,000Indonesia
73%
116,600Iran
39%
100,210Colombia
23%
104,300Ethiopia
21%
129,813Sudan
20%

Score Distribution

Percentile by Number Answered

Percent of People with Each Score

Your Score History

You have not taken this quiz since the last reset